|
|
|
|
| LEADER |
00000nam0a2200000 4500 |
| 001 |
120536 |
| 005 |
20231031125040.0 |
| 035 |
|
|
|a (RuTPU)RU\TPU\book\130520
|
| 090 |
|
|
|a 120536
|
| 100 |
|
|
|a 20070831d1982 m y0rusy50 ca
|
| 101 |
1 |
|
|a rus
|c ukr
|
| 102 |
|
|
|a RU
|
| 105 |
|
|
|a a z 000ay
|
| 200 |
1 |
|
|a Разгон
|e роман
|f П. А. Загребельный
|
| 210 |
|
|
|a Москва
|c Советский писатель
|d 1982
|
| 215 |
|
|
|a 688 с.
|c ил.
|
| 225 |
1 |
|
|a Библиотека произведений, удостоенных Государственной премии СССР
|
| 333 |
|
|
|a Исключено из фонда НТБ ТПУ
|
| 700 |
|
1 |
|a Загребельный
|b П. А.
|g Павел Архипович
|
| 702 |
|
1 |
|a Новосельцева
|b И.
|g Изида
|4 730
|
| 801 |
|
1 |
|a RU
|b 63413507
|c 20070831
|g PSBO
|
| 801 |
|
2 |
|a RU
|b 63413507
|c 20220602
|g RCR
|
| 942 |
|
|
|c BK
|